Statistiken für Flaggen, die am meisten Rot beinhalten

Klicken Sie hier um das Quiz zu spielen!

Allgemein

  • Dieses Quiz wurde 320 mal gespielt
  • Das Durchschnittsergebnis liegt bei 12 aus 15

Antwortstatistiken

Answer % Korrekt
Schweiz
100%
China
99%
Türkei
98%
Albanien
97%
Dänemark
96%
Lettland
93%
Vietnam
88%
Marokko
86%
Tunesien
85%
Montenegro
77%
Taiwan
73%
Kirgisistan
66%
Tonga
63%
Samoa
53%
Osttimor
45%

Verteilung der Resultate

Perzentil nach korrekt beantworteten Fragen

Anzahl Personen mit jedem Resultat

Ihre Resultats-Entwicklung

Sie haben dieses Quiz noch nicht gespielt